000 00544nam a22001937a 4500
005 20251108171139.0
008 250721s1985 xx 000 0 ara d
082 1 4 _a210/أنو
100 1 _aالجندي، أنور
245 1 0 _aسموم الإستشراق و المستشرقين /
250 _aط2
264 1 _aبيروت :
_bدار الجيل،
_c1985.
300 _a212 ص
650 1 7 _aالإسلام
650 1 7 _aدفع المطاعن
650 1 7 _aالإسلام و العلمانية
942 _2ddc
_cBK
999 _c57801
_d57801